000 00424nam a2200145Ia 4500
008 240729s9999 xx 000 0 und d
022 _a2579-9010
245 0 _aWMJ (Warmadewa Medical Journal)
260 _aIndonesia
260 _bFakultas Kedokteran dan Ilmu Kesehatan, Universitas Warmadewa
650 _aMedicine
856 _uhttps://doaj.org/toc/f882eafd939b4c62bc2a7c81b6c566f6
942 _2ddc
942 _cDOAJEJ
999 _c72733
_d72733
945 _a1
_bMadushi Gamage
_c1
_dMadushi Gamage